Ciencias Biológicas: 4º educación media
Gorde:
| Egile nagusia: | |
|---|---|
| Beste egile batzuk: | |
| Formatua: | Liburua |
| Hizkuntza: | gaztelania |
| Argitaratua: |
Santiago
Santillana
2006
|
| Gaiak: | |
| Etiketak: |
Etiketa erantsi
Etiketarik gabe, Izan zaitez lehena erregistro honi etiketa jartzen!
|
MARC
| LEADER | 00000nam a2200000 a 4500 | ||
|---|---|---|---|
| 001 | UCJ2057 | ||
| 003 | CL-VaPUC | ||
| 005 | 20250220161850.0 | ||
| 008 | 061124e20060000CL |||||||||||||||||spa|d | ||
| 999 | |c 318474 |d 318472 | ||
| 020 | |a 9561510265 | ||
| 040 | |c Pontificia Universidad Católica de Valparaíso | ||
| 082 | 0 | 4 | |a 570.712 FLO 2006 |2 21 |
| 100 | 0 | |a Flores Prado, Luis Antonio |9 502974 | |
| 245 | 1 | 0 | |a Ciencias Biológicas: 4º educación media |
| 260 | |a Santiago |b Santillana |c 2006 | ||
| 300 | |a 160 páginas | ||
| 583 | |a last modification |c 20061124 00:00:00 |k Rodrigo Vera | ||
| 650 | 0 | |a Biología |9 262022 | |
| 650 | 7 | |a LIBROS DE TEXTOS |2 CL-VaPUC |9 502976 | |
| 650 | 0 | |a Métodos de enseñanza |9 270413 | |
| 650 | 7 | |a CIENCIAS BIOLOGICAS |2 CL-VaPUC |9 502977 | |
| 650 | 0 | |a Educación científica |9 307484 | |
| 700 | 0 | |a Manríquez Soto, Germán |9 502975 | |
| 942 | |c BK |2 ddc | ||
| 945 | |d 20061124 00:00:00 |a jtorresc | ||